000 00520nam a2200181Ia 4500
001 3952
005 20260306145721.0
008 260306t2013||||xx |||||||||||||| ||spa||
041 _aESP
082 _a305.80985
_bV19
100 _aValdivia Vargas, Néstor
_eAUT
245 0 _aLas organizaciones de la población afrodescendiente en el Perú:
_bdiscursos de identidad y demanda de reconocimiento
260 _c2013
300 _a255 páginas :
_c23 cm.
650 _aGEN
654 _aCHU
942 _cLIB
_dJUS
_fJUS
_2ddc
_n
999 _c3952
_d3952